000 00458nam a2200181Ia 4500
001 2122
005 20260306143819.0
008 260306t2014||||xx |||||||||||||| ||spa||
041 _aESP
082 _a613.62
_bH39
100 _aHenao Robledo, Fernando
_eAUT
245 0 _aDiagnóstico integral de las condiciones de trabajo y salud
260 _c2014
300 _a226 páginas :
_c24 cm.
650 _aGEN
654 _aCPS
942 _cLIB
_dJUS
_fJUS
_2ddc
_n
999 _c2122
_d2122